| 000 | 00629nam a22002297a 4500 | ||
|---|---|---|---|
| 003 | OSt | ||
| 005 | 20260605152401.0 | ||
| 008 | 260605b |||||||| |||| 00| 0 eng d | ||
| 020 | _a9781259188121 | ||
| 040 | _cChuka University Library | ||
| 050 | _aQH 308.2 .B56 2015 | ||
| 100 | _aBrooker Robert J. | ||
| 245 | _aBiology | ||
| 250 | _a4th Ed. | ||
| 260 |
_aNew York _bMcGraw Hill _c2015 |
||
| 300 |
_aVarious Pagings _bColoured Illustrations |
||
| 650 |
_aBiology-Textbooks _919943 |
||
| 700 |
_aWidmaier Eric P. _927392 |
||
| 700 |
_aGraham Linda E. _927393 |
||
| 700 |
_aStiling Peter D. _927394 |
||
| 942 |
_2lcc _cBK _n0 |
||
| 999 |
_c23389 _d23389 |
||